The Blackwell encyclopedia of modern Christian thought /

Bibliographic Details
Corporate Author: NetLibrary, Inc
Other Authors: McGrath, Alister E., 1953-
Format: eBook
Language:English
Published: Oxford [England] ; Cambridge, Mass. : Blackwell, 1999, 1993.
Edition:[Pbk. rpt. ed., 1999].
Subjects:
Online Access:Connect to the full text of this electronic book

MARC

Tag First Indicator Second Indicator Subfields
LEADER 00000cam a2200000La 4500
001 in00001753634
005 20220105110336.0
006 m u
007 cr cn---------
008 011002r19991993enk sbe 001 0ceng d
020 |a 0631227776 (electronic bk.) 
035 |a (OCoLC)ocm48139019 
040 |a N$T  |c N$T  |d OCLCQ  |d UtOrBLW 
049 |a IICA 
050 1 4 |a BR95  |b .B58 1999eb 
082 0 4 |a 230/.09/03  |2 20 
245 0 4 |a The Blackwell encyclopedia of modern Christian thought /  |c edited by Alister E. McGrath. 
250 |a [Pbk. rpt. ed., 1999]. 
264 1 |a Oxford [England] ;  |a Cambridge, Mass. :  |b Blackwell,  |c 1999, 1993. 
300 |a xiii, 701 pages :  |b 26 cm. 
336 |a text  |b txt  |2 rdacontent 
337 |a computer  |b c  |2 rdamedia 
338 |a online resource  |b cr  |2 rdacarrier 
504 |a Includes bibliographical references and index. 
533 |a Electronic reproduction.  |b Boulder, Colo. :  |c NetLibrary,  |d 2001.  |n Available via World Wide Web.  |n Access may be limited to NetLibrary affiliated libraries.  |n Excludes some or all of the images found in the original book. 
500 |a Electronic resource. 
650 0 |a Theology  |x History  |y 18th century  |v Encyclopedias. 
650 0 |a Theology  |x History  |y 19th century  |v Encyclopedias. 
650 0 |a Theology  |x History  |y 20th century  |v Encyclopedias. 
650 0 |a Theologians  |v Biography  |v Encyclopedias. 
655 7 |a Electronic books.  |2 local 
700 1 |a McGrath, Alister E.,  |d 1953-  |0 http://id.loc.gov/authorities/names/n84115427 
710 2 |a NetLibrary, Inc.  |0 http://id.loc.gov/authorities/names/no99080690 
776 1 |c Original  |z 0631168966  |w (DLC) 93012925  |w (OCoLC)27811097 
856 4 1 |u https://proxy.library.tamu.edu/login?url=http://www.netLibrary.com/urlapi.asp?action=summary&v=1&bookid=44991  |z Connect to the full text of this electronic book  |t 0 
994 |a X0  |b IIC 
999 |a MARS 
999 f f |s f426e71e-e584-305b-ab2f-98adc845c96a  |i 7e078861-e10a-36b1-bedd-6f4ab528bab9  |t 0 
952 f f |a Texas A&M University  |b College Station  |c Electronic Resources  |d Available Online  |t 0  |e BR95 .B58 1999eb  |h Library of Congress classification 
998 f f |a BR95 .B58 1999eb  |t 0  |l Available Online